[Event "BEL-ch U20"]
[Site "Turnhout"]
[Date "2024.05.11"]
[Round "6"]
[White "Coutton, Maxence"]
[Black "Gill, Matthew"]
[Result "1-0"]
[WhiteElo "1772"]
[BlackElo "1633"]
[PlyCount "85"]
[EventDate "2024.05.09"]
[EventType "swiss"]
[EventRounds "7"]
[EventCountry "BEL"]
[SourceTitle "CBM 220 Extra"]
[Source "ChessBase"]
[SourceDate "2024.07.31"]
[SourceVersion "1"]
[SourceVersionDate "2024.07.31"]
[SourceQuality "1"]

1. e4 e5 2. Nf3 Nc6 3. d4 exd4 4. Nxd4 Bc5 5. Be3 Qe7 6. Nc3 Nf6 7. Nf5 Qf8 8. Nxg7+ Qxg7 9. Bxc5 d6 10. Be3 Bd7 11. Qd2 a6 12. f3 0-0-0 13. 0-0-0 h6 14. Bc4 Ne5 15. Bb3 Nc6 16. Qe2 Rhg8 17. g3 Be6 18. Ba4 Ne5 19. Rdf1 Bc4 20. Qg2 Bxf1 21. Rxf1 Nc4 22. Qh3+ Kb8 23. Qxh6 Qxh6 24. Bxh6 Rg6 25. Bf4 Rh8 26. Bb3 b5 27. g4 Kb7 28. a4 Kc6 29. Bg3 Rb8 30. h4 Kd7 31. Rh1 c6 32. h5 Rgg8 33. Bxc4 bxc4 34. Rd1 Ne8 35. e5 d5 36. e6+ fxe6 37. Bxb8 Nf6 38. Be5 Nh7 39. Rg1 Ke7 40. f4 Nf8 41. g5 Nd7 42. g6 Nxe5 43. fxe5 1-0